000
00285nam a2200121Ia 4500
008
190216s9999||||xx |||||||||||||| ||und||
100
_a
Vasishtha.A.R
245
0
_a
Modern Algebra
250
_a
TWELTH
260
_b
Krishna Prakasan Mandir
_c
1982
650
_a
Mathematics
942
_c
BK
999
_c
30790
_d
30790